00705nam a2200205 a 450000100060000000300080000600500170001400800410003103500190007204000590009104100080015008200260015810000380018424500560022226000460027830000540032450400640037860000260044265100310046825720BD-RjUL20211209050922.0140319s1914 enkf 001 0 eng d a(BD-RjUL)25790 aPBmcPBmdOCoLCdMHdCStRLINdCUDdOCoLCdBD-RjULbeng aeng00a954.0290924bHIY 19141 aHill, Samuel Charles,d1857-1926.10aYusuf Khan :bthe rebel commandant /cby S.C. Hill. aLondon :bLongmans, Green and Co.,c1914. axii, 320 p. :bill., plates, plans, map ;c24 cm. aIncludes "Authorities referred to": p. [313]-316 and index.10aKhan, Yusuf, d-1764. 0aIndiaxHistoryy1500-1765.